Анализ эффективности средств регулирования напряжения в узле подключения удалённой северной нагрузки; Электротехника, электромеханика и электротехнологии

Dettagli Bibliografici
Parent link:Электротехника, электромеханика и электротехнологии.— 2006.— С. 192-195
Autore principale: Кузьмин А. Е.
Altri autori: Хрущёв Ю. В. Юрий Васильевич (научный руководитель)
Lingua:russo
Pubblicazione: 2006
Soggetti:
Natura: MixedMaterials Capitolo di libro
KOHA link:https://koha.lib.tpu.ru/cgi-bin/koha/opac-detail.pl?biblionumber=110045

MARC

LEADER 00000naa2a2200000 4500
001 110045
005 20231031120308.0
035 |a (RuTPU)RU\TPU\book\118845 
090 |a 110045 
100 |a 20070219d2006 k y0rusy50 ca 
101 0 |a rus 
102 |a RU 
200 1 |a Анализ эффективности средств регулирования напряжения в узле подключения удалённой северной нагрузки  |f А. Е. Кузьмин  |g науч. рук. Ю. В. Хрущёв 
463 0 |0 (RuTPU)RU\TPU\book\114165  |t Электротехника, электромеханика и электротехнологии  |o труды шестой региональной научно-практической студенческой конференции, Томск, 6-9 июня 2006 г.  |f Томский политехнический университет; Электротехнический институт  |v С. 192-195  |d 2006  |p 360 с. 
610 1 |a регулирование напряжения 
610 1 |a северные нагрузки 
610 1 |a эффективность 
610 1 |a электросети 
610 1 |a энергосистемы 
610 1 |a северные районы 
610 1 |a электроснабжение 
610 1 |a труды учёных ТПУ 
700 1 |a Кузьмин  |b А. Е. 
702 1 |a Хрущёв  |b Ю. В.  |c специалист в области электроэнергетики  |c профессор Томского политехнического университета, доктор технических наук  |f 1942-  |g Юрий Васильевич  |2 stltpush  |3 (RuTPU)RU\TPU\pers\26724  |4 727 
801 1 |a RU  |b 63413507  |c 20070219  |g PSBO 
801 2 |a RU  |b 63413507  |c 20131002  |g RCR 
942 |c BK